000 00758cam a2200229 a 4500
001 000039426
005 20240306164224.0
008 000313s1971 sp ab 000 f spa
040 _aDO-SdBNP
_bspa
_cBNPHU
082 _aPe863.44
_bV297c, 1971
100 1 _aVargas Llosa, Mario,
_d1936-
_912567
245 1 3 _aLa ciudad y los perros /
_cMario Vargas Llosa.
250 _a8a. ed.
260 _aBarcelona :
_bSeix Barral,
_c1971.
300 _a554 p. ;
_c22 cm.
490 1 _aBiblioteca breve de bolsillo, libros de enlace
586 _aPremio biblioteca breve 1962
650 4 _aNovela peruana
_912569
650 4 _aLiteratura peruana
_93140
830 0 _aBiblioteca breve de bolsillo, libros de enlace
_99832
910 _aValidado. Control de calidad MFF
999 _c38916
_d38916